Statystyki dla Jak dobrze znasz FAME MMA?

Kliknij tutaj aby rozwiązać quiz!

Ogólne statystyki

  • Ten quiz został rozwiązany 1 289 razy
  • Średni wynik to 8 z 15

Statystyki odpowiedzi

ZagadnienieOdpowiedź% Poprawnych
Kto poza Michałem "Boxdelem" Baronem i Wojtkiem Golą stworzył federację FAME?Rafał Pasternak i Krzystof Rozpara
94%
Który z tych zagranicznych zawodników zawalczył dla FAME MMA?Norman Parke
80%
Jak najczęściej kończyły się walki main eventowe w FAME MMA?decyzja sędziowska lub 1 runda
74%
Który z tych zawodników NIE zawalczył na KSW i FAME MMA?Piotr Pająk
72%
Jaki zawodnik NIE wygrał nigdy w federacji FAME?Piotr Celej
67%
Jacy zawodnicy mają aktualnie pasy mistrzowskie w FAME MMA?Polak, Linkimaster, Kubańczyk
66%
Która z tych osób NIE wygrała walki na FAME MMA 1?Wiewiór
56%
Jak zakończyła się walka Mortalcio vs Hejter?przez duszenie
54%
Kiedy odbyła się gala FAME MMA 5?26.10.2019 r.
52%
Jacy zawodnicy mieli ze sobą spinę od FAME 1, mimo że ze sobą nigdy nie zawalczyli, a mieli walczyć od drugiej edycji gali?Polak i Dawid Ozdoba
49%
Jaki był co-main event gali FAME MMA 6Rafonix vs Gola
40%
Ile walk w historii FAME odbyło się?89
37%
Na której edycji FAME MMA najwięcej zawodników zadebiutowało w federacji? (Nie licząc FAME MMA 1)FAME MMA 2
23%
Ilu zawodników wystąpiło w federacji FAME MMA?96
20%
Jaki filmik na Youtubie FAME MMA ma najwięcej wyświetleń?"FAME MMA 1: Michał Handke vs Maksymilian "Wiewiór" Wiewiórka (Cała Walka)"
18%

Rozkład punktacji

Percentyl według liczby udzielonych odpowiedzi

Procent ludzi z każdym wynikiem

Twoja historia wyników

Nie rozwiązałeś tego quizu